| 000 | 00346nam a2200145Ia 4500 | ||
|---|---|---|---|
| 008 | 150201s2008 xx 000 0 und d | ||
| 082 |
_a617.6342 _bE2008H |
||
| 100 | _aHODGE | ||
| 245 | _aENDODONTICS | ||
| 250 | _a1ST | ||
| 260 |
_bELSEVIER _aDELHI _c2008 |
||
| 300 | _a1-305 | ||
| 650 | _aCONSERVATIVE DENTISTRY & ENDODONTICS | ||
| 942 |
_2ddc _cBK |
||
| 999 |
_c4112 _d4112 |
||